000 00675nam a2200205Ia 4500
003 GCL
008 140319s9999 xx 000 0 ara d
020 _a7127327977
040 _aGCL /
_cGCL
082 0 4 _a306.42
_bج ع
100 1 _aجباره عطية جباره
245 1 0 _aعلم اجتماع الاعلام /
_cجباره عطية جباره
250 _aالاولى
260 _aالقاهرة :
_bدار الوفاء لدنيا الطباعة والنشر ،
_c2002
300 _a391 ص ؛
_c24 سم
650 0 4 _aالتنمية الاجتماعية
650 0 4 _aالسلوك الاجتماعى
650 0 4 _aالاجتماع، علم
942 _2ddc
_cBK
999 _c5210
_d5210